Features of Forecasting and Prevention of Crisis in the World Economy

Definovanie determinantov hospodárskych cyklov a hlavných metód prognózovania výkyvov trhu na základe teórie cyklického vývoja ekonomických systémov. Znaky predikcie a prevencie krízových javov vo svetovom hospodárstve.

Gespeichert in:
Bibliographische Detailangaben
1. Verfasser: Razinkova, Mila Yu
Weitere Verfasser: Nebaba, Natalia A., Yehiazarian, Ruzanna G.
Format: Buchkapitel
Sprache:Englisch
Schlagworte:
Tags: Tag hinzufügen
Keine Tags, Fügen Sie das erste Tag hinzu!

MARC

LEADER 00000naa a2200000 4500
001 0253651
005 20191008095243.6
041 0 |a eng 
044 |a UA 
245 1 0 |a Features of Forecasting and Prevention of Crisis in the World Economy  |c Mila Yu. Razinkova, Nebaba Natalia A., Ruzanna G. Yehiazarian 
520 |a Definovanie determinantov hospodárskych cyklov a hlavných metód prognózovania výkyvov trhu na základe teórie cyklického vývoja ekonomických systémov. Znaky predikcie a prevencie krízových javov vo svetovom hospodárstve. 
610 2 0 |a cykly hospodárske 
610 2 0 |a kríza finančná 
610 2 0 |a kríza hospodárska 
610 2 0 |a prognózovanie 
610 2 0 |a hospodárstvo svetové 
610 2 0 |a teória cyklu 
610 2 0 |a dynamika ekonomiky 
100 1 |a Razinkova, Mila Yu. 
700 1 |a Nebaba, Natalia A. 
700 1 |a Yehiazarian, Ruzanna G.